Rubber : Fluctuating prices (Record no. 67411)
[ view plain ]
| 000 -LEADER | |
|---|---|
| fixed length control field | 00333nam a2200133Ia 4500 |
| 100 ## - MAIN ENTRY--AUTHOR NAME | |
| Personal name | Satya Sundaram I |
| 245 #0 - TITLE STATEMENT | |
| Title | Rubber : Fluctuating prices |
| 260 ## - PUBLICATION, DISTRIBUTION, ETC. (IMPRINT) | |
| Name of publisher | Facts For You |
| Year of publication | 2003 |
| 650 ## - SUBJECT ADDED ENTRY--TOPICAL TERM | |
| Topical Term | Natural rubber |
| 650 ## - SUBJECT ADDED ENTRY--TOPICAL TERM | |
| Topical Term | Rubber price |
| 650 ## - SUBJECT ADDED ENTRY--TOPICAL TERM | |
| Topical Term | Synthetic rubber |
| 942 ## - ADDED ENTRY ELEMENTS (KOHA) | |
| Koha item type | Journals |
| Withdrawn status | Lost status | Damaged status | Not for loan | Home library | Current library | Shelving location | Date acquired | Serial Enumeration / chronology | Koha item type |
|---|---|---|---|---|---|---|---|---|---|
| Journals | RRII Library | RRII Library | Agricultural economics | 17/12/2021 | Volume 23, Issue 10 | Journals |